XI Roku 2011 wg. Tygodnika "Piłka Nożna" (Europa) - Statystyki

Ogólne statystyki
  • Ten quiz został rozwiązany 200 razy
  • Średni wynik to 10 z 11
Statystyki odpowiedzi
Pozycja Kraj Klub Zawodnik % Poprawnych
BR Niemcy Schalke / Bayern Manuel Neuer
99%
LS Portugalia Real Madryt Cristiano Ronaldo
98%
ŚO Portugalia Real Madryt Pepe
96%
ŚP Hiszpania Barcelona Xavi Hernandez
96%
ŚP Hiszpania Barcelona Andres Iniesta
95%
LO Niemcy Bayern Philipp Lahm
94%
ŚO Niemcy Dortmund Mats Hummels
92%
ŚPO/LP Hiszpania Manchester City David Silva
90%
ŚPD Hiszpania Barcelona Sergio Busquets
89%
PO Hiszpania Real Madryt Sergio Ramos
83%
ŚN Holandia Arsenal Robin van Persie
82%
Nie znaleziono quizów pasujących do podanych kryteriów
Rozkład punktacji
Procent ludzi z każdym wynikiem
Percentyl według liczby udzielonych odpowiedzi
Twoja historia wyników
Nie rozwiązałeś tego quizu